| 000 | 00975nas a2200301 4500 | ||
|---|---|---|---|
| 001 | BR2011006440 | ||
| 003 | BR-BrBNA | ||
| 005 | 20231205115218.0 | ||
| 007 | ta | ||
| 008 | 230509b bl.|||p| |||| 00| 00por d | ||
| 040 |
_aBR-BrBNA _bpor _cBiblioteca Nacional de Agricultura |
||
| 041 | _a(Pt) | ||
| 072 | _aL02 | ||
| 100 | 1 | _aResende, P.L. de P. | |
| 100 | 1 | _aRestle, J. | |
| 100 | 1 | _aFernandes, J.J. de R. | |
| 100 | 1 | _aPádua, J.T. | |
| 100 | 1 | _aFreitas Neto, M.D. de | |
| 100 | 1 | _aRocha, F.M. da | |
| 245 | 1 | _aDesempenho e desenvolvimento corporal de bovinos leiteiros mestiços submetidos a níveis de suplementação em pastagem de Brachiaria brizantha | |
| 650 | _aGADO LEITEIRO | ||
| 650 | _aCAPIM BRACHIARIA | ||
| 650 | _aSUPLEMENTO ALIMENTAR | ||
| 650 | _aGANHO DE PESO | ||
| 773 | 0 |
_tCiência Rural (Brazil) _xISSN 0103-8478 _g(Aug 2011), v. 41(8) p. 1453-1458 _wBR2011006440 |
|
| 909 |
_a202311 _bLúcia _c55 _dLúcia Elande |
||
| 942 |
_2AGRIS _n0 _cANA |
||
| 999 |
_c212637 _d212637 |
||